000
00305nam a2200121Ia 4500
008
210430s9999 xx 000 0 und d
082
_a
621.433 C6781G
100
_a
Cohen H,Rogers GFC
_9
54969
245
_a
Gas Turbine Theory
_c
Cohen H,Rogers GFC
260
_c
1996
300
_a
442p.
942
_c
BK
_2
ddc
999
_c
565897
_d
565897